Écoles nationales d'arts et métiers
Descripción Física:
6 p. ; 21 cm
Materias:
Escoles -- França
MARC
| LEADER | 00000nam a2200000Ia 4500 | ||
|---|---|---|---|
| 001 | 16538 | ||
| 003 | BGR | ||
| 005 | 20260324180149.0 | ||
| 008 | 160829s1899 xx 000 0 cat d | ||
| 080 | |a 2968, exp. 7 | ||
| 245 | |a Écoles nationales d'arts et métiers | ||
| 260 | |a [S.l.] : |b Imprimerie Nationale, |c 1899 | ||
| 300 | |a 6 p. ; |c 21 cm | ||
| 590 | |a Abans del títol: République Française. Ministère du commerce, de l'industrie, des postes et des télégraphes | ||
| 650 | |a Escoles |x França |9 48257 | ||
| 710 | 1 | |a França |9 70901 |b Ministère du commerce, de l'industrie, des postes et des télégraphes | |
| 901 | |a Arxiu | ||
| 942 | |n 1 |2 udc |c MON | ||
| 952 | |0 0 |1 0 |4 0 |6 2968_EXP_7 |7 1 |9 54427 |a Arxiu |b Arxiu |d 2016-12-01 |l 0 |o 2968, exp. 7 |p 16538 |r 2016-12-01 00:00:00 |w 2016-12-01 |y ARXIU | ||
| 999 | |c 58296 |d 58296 | ||